Útkereső folklórpedagógia

Elmentve itt :
Bibliográfiai részletek
Szerző: LŐRINCZ József
Adatforrás:Meister
Forrásdokumentuma:Korunk. -
6 sz., 1991, 767-768 p.
Nyelv:magyar
Kulcsszavak:etnográfia
metodológia
folklór
etnográfiai kutatás
LEADER 00414nab a2200157 i 4500
001 bibPRO00001925
008 060524s1991 xx hun
040 |a Sz1 
041 |a hun 
100 1 |a LŐRINCZ József 
245 1 0 |a Útkereső folklórpedagógia  |c LŐRINCZ József 
695 |a etnográfia 
695 |a metodológia 
695 |a folklór 
695 |a etnográfiai kutatás 
773 0 |t Korunk. -  |g 6 sz., 1991, 767-768 p.